Orte im Landkreis Haßberge - Statistiken

Allgemein
  • Dieses Quiz wurde 13 mal gespielt
    12 seit der letzten Aktualisierung
  • Das Durchschnittsergebnis liegt bei 89 aus 186
Antwortstatistiken
Gemeinden Ortsteile % Korrekt
Untermerzbach Gereuth
100%
Untermerzbach Untermerzbach
100%
Aidhausen Aidhausen
50%
Ebern Albersdorf
50%
Maroldsweisach Allertshausen
50%
Maroldsweisach Altenstein
50%
Königsberg i.Bay. Altershausen
50%
Haßfurt Augsfeld
50%
Burgpreppach Birkach
50%
Maroldsweisach Birkenfeld
50%
Zeil a.Main Bischofsheim
50%
Ebern Bramberg
50%
Breitbrunn Breitbrunn
50%
Ebern Brünn
50%
Theres | Untermerzbach Buch
50%
Bundorf Bundorf
50%
Burgpreppach Burgpreppach
50%
Wonfurt Dampfach
50%
Oberaurach Dankenfeld
50%
Maroldsweisach Dippach
50%
Eltmann Dippach am Main
50%
Maroldsweisach Ditterswind
50%
Königsberg i.Bay. Dörflis
50%
Maroldsweisach Dürrenried
50%
Pfarrweisach Dürrnhof
50%
Ebelsbach Ebelsbach
50%
Ebern Ebern
50%
Maroldsweisach Eckartshausen
50%
Breitbrunn Edelbrunn
50%
Ebern Eichelberg
50%
Hofheim i.UFr. Eichelsdorf
50%
Eltmann Eltmann
50%
Ermershausen Ermershausen
50%
Knetzgau Eschenau
50%
Eltmann Eschenbach
50%
Ebern Eyrichshof
50%
Rauhenebrach Fabrikschleichach
50%
Rauhenebrach Falsbrunn
50%
Ebern Fierst
50%
Ebern Fischbach
50%
Burgpreppach Fitzendorf
50%
Ebern Frickendorf
50%
Aidhausen Friesenhausen
50%
Rauhenebrach Fürnbach
50%
Gädheim Gädheim
50%
Burgpreppach Gemeinfeld
50%
Maroldsweisach Geroldswind
50%
Rauhenebrach Geusfeld
50%
Ebelsbach Gleisenau
50%
Untermerzbach Gleusdorf
50%
Hofheim i.UFr. Goßmannsdorf
50%
Rentweinsdorf Gräfenholz
50%
Maroldsweisach Greßelgrund
50%
Gädheim Greßhausen
50%
Maroldsweisach Hafenpreppach
50%
Knetzgau Hainert
50%
Aidhausen Happertshausen
50%
Haßfurt Haßfurt
50%
Königsberg i.Bay. Hellingen
50%
Breitbrunn Hermannsberg
50%
Ebern Heubach
50%
Ebern Höchstädten
50%
Hofheim i.UFr. Hofheim i.UFr.
50%
Königsberg i.Bay. Hofstetten
50%
Burgpreppach Hohnhausen
50%
Königsberg i.Bay. Holzhausen
50%
Theres Horhausen
50%
Oberaurach Hummelmarter
50%
Riedbach Humprechtshausen
50%
Burgpreppach Ibind
50%
Ebern Jesserndorf
50%
Königsberg i.Bay. Junkersdorf
50%
Pfarrweisach Junkersdorf a.d.Weisach
50%
Rauhenebrach Karbach
50%
Aidhausen Kerbfeld
50%
Bundorf Kimmelsbach
50%
Oberaurach Kirchaich
50%
Kirchlauter Kirchlauter
50%
Riedbach Kleinmünster
50%
Riedbach Kleinsteinach
50%
Knetzgau Knetzgau
50%
Königsberg i.Bay. Königsberg i.Bay.
50%
Rauhenebrach Koppenwind
50%
Königsberg i.Bay. Köslau
50%
Königsberg i.Bay. Kottenbrunn
50%
Breitbrunn Kottendorf
50%
Pfarrweisach Kraisdorf
50%
Riedbach Kreuzthal
50%
Zeil a.Main Krum
50%
Eltmann Lembach
50%
Hofheim i.UFr. Lendershausen
50%
Burgpreppach Leuzendorf i.UFr.
50%
Pfarrweisach Lichtenstein
50%
Eltmann Limbach
50%
Rentweinsdorf Lind
50%
Pfarrweisach Lohr
50%
Breitbrunn Lußberg
50%
Hofheim i.UFr. Manau
50%
Maroldsweisach Marbach
50%
Riedbach Mechenried
50%
Untermerzbach Memmesldorf i.UFr.
50%
Aidhausen Nassach
50%
Kirchlauter Neubrunn
50%
Oberaurach Neuschleichach
50%
Bundorf Neuses
50%
Ebern Neuses a. Raueneck
50%
Haßfurt Oberhohenried
50%
Untermerzbach Obermerzbach
50%
Oberaurach Oberschleichach
50%
Knetzgau Oberschwappach
50%
Rauhenebrach Obersteinbach
50%
Theres Obertheres
50%
Hofheim i.UFr. Ostheim
50%
Gädheim Ottendorf
50%
Kirchlauter Pettstadt
50%
Maroldsweisach Pfaffendorf
50%
Pfarrweisach Pfarrweisach
50%
Haßfurt Prappach
50%
Rauhenebrach Prölsdorf
50%
Pfarrweisach Rabelsdorf
50%
Untermerzbach Recheldorf
50%
Hofheim i.UFr. Reckertshausen
50%
Rentweinsdorf Rentweinsdorf
50%
Ebern Reutersbrunn
50%
Königsberg i.Bay. Römershofen
50%
Pfarrweisach Römmelsdorf
50%
Eltmann Roßstadt
50%
Aidhausen Rottenstein
50%
Ebelsbach Rudendorf
50%
Hofheim i.UFr. Rügheim
50%
Ebern Ruppach
50%
Haßfurt Sailershausen
50%
Sand a.Main Sand a.Main
50%
Ebelsbach Schönbach
50%
Ebelsbach Schönbrunn
50%
Bundorf Schweinshaupten
50%
Zeil a.Main Sechsthal
50%
Rentweinsdorf Sendelbach
50%
Ebern Siegelfeld
50%
Rauhenebrach Spielhof
50%
Ebelsbach Steinbach
50%
Wonfurt Steinsfeld
50%
Stettfeld Stettfeld
50%
Bundorf Stöckach
50%
Hofheim i.UFr. Sulzbach
50%
Haßfurt Sylbach
50%
Rauhenebrach Theinheim
50%
Maroldsweisach Todtenweisach
50%
Rentweinsdorf Treinfeld
50%
Oberaurach Trossenfurt
50%
Haßfurt Uchenhofen
50%
Burgpreppach Ueschersdorf
50%
Königsberg i.Bay. Unfinden
50%
Haßfurt Unterhohenried
50%
Ebern Unterpreppach
50%
Oberaurach Unterschleichach
50%
Knetzgau Unterschwappach
50%
Rauhenebrach Untersteinbach
50%
Theres Untertheres
50%
Maroldsweisach Voccawind
50%
Ebern Vorbach
50%
Theres Wagenhausen
50%
Bundorf Walchenfeld
50%
Maroldsweisach Wasmuthhausen
50%
Eltmann Weisbrunn
50%
Ebern Weißenbrunn
50%
Knetzgau Westheim
50%
Knetzgau Wohnau
50%
Wonfurt Wonfurt
50%
Haßfurt Wülflingen
50%
Rauhenebrach Wustviel
50%
Zeil a.Main Zeil a.Main
50%
Knetzgau Zell am Ebersberg
50%
Zeil a.Main Ziegelanger
50%
Ebern Bischwind a. Raueneck
0%
Oberaurach Fatschenbrunn
0%
Kirchlauter Goggelgereuth
0%
Untermerzbach Hemmendorf
0%
Rentweinsdorf Losbergsgereuth
0%
Maroldsweisach Maroldsweisach
0%
Rentweinsdorf Salmsdorf
0%
Ebern Sandhof
0%
Rauhenebrach Schindelsee
0%
Oberaurach Tretzendorf
0%
Untermerzbach Wüstenwelsberg
0%
Keine übereinstimmenden Quizze gefunden
Verteilung der Resultate
Anzahl Personen mit jedem Resultat
Perzentil nach korrekt beantworteten Fragen
Ihre Resultats-Entwicklung
Sie haben dieses Quiz seit der letzten Aktualisierung nicht gespielt